100 % - Statistiques

Statistiques générales
  • Ce quiz a été pris 426 fois
  • Le résultat moyen est 32 sur 100
Statistiques - réponses
Hint Réponse % Correct
Mathématiques Racine carrée de 100 10
96%
Cinéma/Littérature Série française au rabais ? 10%
96%
Mathématiques 100 en chiffres romains C
94%
Homophones Introduit des locutions interjectives, par élision de "ce" c'en
87%
Homophones Chiffre rerésentant dix dizaines Cent
85%
Sciences Préfixe désignant le centième de l'unité centi
70%
Langue et expressions Période de cent ans Siècle
68%
Langue et expressions Âgé de 100 ans Centenaire
67%
Mathématiques 100 est la somme des 9 premiers nombres... premiers
66%
Sciences Composé chimique qui bout à 100 degrés Eau
65%
Homophones Désigne un saint en espagnol, et compose le nom de certaines capitales San
65%
Homophones Fait partie de nombreuses locutions verbales, notamment avec aller, sortir, faire... s'en
65%
Homophones Le même au pluriel Cents
63%
Histoire Conflit interminable entre Anglais et Français Guerre de Cent ans
63%
Homophones Préposition marquant l'absence Sans
63%
Homophones Première personne du singulier du verbe sentir au présent de l'indicatif Sens
62%
Homophones Troisième personne du singulier de ce même verbe au même temps Sent
62%
Cinéma/Littérature Série littéraire de science fiction ayant inspiré une série télé Les 100
61%
Homophones Liquide biologique circulant transportant de nombreuses cellules Sang
60%
Mathématiques Fraction obtenue en divisant 100 fois Centième
57%
Langue et expressions De rang cent Centième
57%
Mathématiques Groupe de 100 Centaine
55%
Géographie Monnaie dont la sous-unité est le cent Euro, dollar
55%
Géographie Subdivision géographique, notamment en Angleterre Hundred
54%
Langues Cent en anglais Hundred
54%
Sport et Musique Discipline d'athlétisme (faut courir) 100 mètres
50%
Histoire Valeur de 100 sous, il y a longtemps (en francs) 5 francs
50%
Mathématiques Nature du nombre 100 Entier naturel
50%
Homophones Désigne un saint en portugais, et compose par exemple le nom de la plus grande métropole brésilienne São
50%
Sciences Couleur du colorant E100 (ou curcumine) Jaune
49%
Histoire Général et homme d'Etat romain né en - 100 Jules César
49%
Mathématiques Proportion ramenée à une fraction de 100 Pourcentage
48%
Sport et Musique Rappeur américain 50 cent
47%
Sport et Musique Titulaire du record du monde dans cette discipline Usain Bolt
44%
Langue et expressions Autre nombre qui, comme cent, prend parfois la marque du pluriel Vingt
43%
Cinéma/Littérature Elle a dormi 100 ans dans son château la Belle au Bois Dormant
42%
Géographie Pays où l'on peut déguster des "oeufs de 100 ans" Chine
41%
Histoire Roi emblématique du Grand Siècle français Louis XIV
39%
Langues Cent en italien Cento
37%
Langues Cent en espagnol Ciento
37%
Langue et expressions Marcher de long en large Faire les 100 pas
37%
Sciences Surface d'un carré de 100 m de côté Hectare
37%
Sport et Musique Discipline féminine d'athlétisme (faut courir et sauter) 100 mètres haies
36%
Langue et expressions Dans l'armée romaine, commandant de 100 hommes Centurion
36%
Histoire Période historique correspondant au retour de Napoléon les Cent Jours
35%
Sciences Masse de 100 kg Quintal
33%
Sciences Préfixe désignant 100 unités hecto
30%
Géographie Ville aux cent clochers Rouen, Arras, Dijon,Caen, Poitiers, Reims, Troyes
30%
Histoire Gladiateur thrace à l'origine d'une importante révolte d'esclaves, également né en - 100 Spartacus
30%
Géographie Cents est le nom d'un quartier de cette capitale d'un petit pays de l'UE Luxembourg
27%
Mathématiques Multiplier par cent centupler
24%
Géographie Le centième département français (liste de l'INSEE) La Réunion
22%
Sport et Musique Discipline de natation 100 mètres nage libre
21%
Cinéma/Littérature Péplum sur la Guerre de Troie 300
21%
Mathématiques 100 en binaire (indice en plus : 7 chiffres commençant par deux paires) 1100100
20%
Langues Cent en allemand Hundert
20%
Sport et Musique Nationalité dU recordman du monde de cette discipline Brésilien
18%
Langue et expressions Qui existe depuis des centaines d'années Séculaire
18%
Approximativement Il y en a un de trop pour être dans la catégorie Cinéma Les 101 dalmatiens
17%
Approximativement "110 propositions pour la France" : programme d'un futur président de la République François Mitterrand
15%
Cinéma/Littérature Premier film de François Truffaut Les quatre cents coups
15%
Histoire Période d'éveil philosophique bien représenté en France le Siècle des Lumières
14%
Approximativement Livre de F. Beigbeder qui a inspiré un film 99 francs
13%
Géographie Style d'architecture représentée sur un billet de 100 € Baroque
13%
Cinéma/Littérature 100 Tears est un film d'horreur mettant en scène un tueur déguisé en... clown
13%
Histoire Pays où s'est déroulée la Guerre de 100 heures, dite aussi "Guerre du foot" Honduras
13%
Cinéma/Littérature Roman majeur de Gabriel Garcia Marquez Cent ans de solitude
12%
Langue et expressions Adjectif désignant ce qui se produit en moyenne une fois tous les cent ans Centennal
12%
Cinéma/Littérature Comédie franchouillarde : pour 100 briques... t'as plus rien !
12%
Approximativement Etablissement culturel de la Ville de Paris 104
11%
Langue et expressions Nature grammaticale de cent Adjectif numéral
11%
Sport et Musique Discipline d'athlétisme (faut courir à plusieurs) Relais 4X100 mètres
11%
Cinéma/Littérature Nationalité du héros centenaire du livre "le vieux qui ne voulait pas fêter son anniversaire" Suédois
11%
Approximativement Modèle de cyclomoteur Peugeot 102
9%
Approximativement Et sept de trop pour être dans la catégorie expression 107 ans
9%
Sciences Maladie infectieuse autrefois nommée "toux des 100 jours" Coqueluche
9%
Sciences Myriapode appelé aussi "cent-pieds" Scolopendre
9%
Approximativement Nombre de "thèses" (propositions) de Luther, à l'origine de la Réforme 95
8%
Approximativement Film retraçant les actions d'Act Up dans les années 90 ; cent vingt... battements par minute
8%
Langue et expressions Être très loin de la réalité Être à 100 lieues
8%
Approximativement Roman de Victor Hugo évoquant la Révolution Française Quatrevingt-treize
8%
Cinéma/Littérature Auteur de "la Légende des siècles" Victor Hugo
8%
Langue et expressions Pour résumer sa pensée En un mot comme en cent
6%
Sciences Elément de numéro atomique 100 Fermium
6%
Sport et Musique Auteur de la chanson "quatre-vingt quinze fois sur cent" Georges Brassens
6%
Histoire Nom des 3 gardiens du Tartare dans la mythologie grecque, réputés avoir 100 mains Hécatonchires
6%
Mathématiques Divisé en 100 degrés Centigrade
5%
Langues Cent en portugais Cem
4%
Langue et expressions Dépenser beaucoup Dépenser des mille et des cent
4%
Géographie Départements français traversés par la RN 100 Gard, Vaucluse, Alpes de Haute Provence
4%
Approximativement "101, avenue Henri Martin", suite de "la Bicyclette bleue" est un roman de Régine Deforges
4%
Sport et Musique Le cent est un intervalle musical qui divise en cent parties un... demi-ton
3%
Géographie Ville aux cent mosquées Kairouan, Fes, Falloujah, Nefta, Zabid
3%
Sciences Autre nom de l'herbe aux 100 goûts, plante très fréquente et très allergène Armoise
2%
Langue et expressions Être très inquiet Être aux cent coups
2%
Histoire Période au cours de laquelle Mao Zedong a repris les rênes du pouvoir en 1957 Les Cent Fleurs
2%
Langue et expressions Fête qui se déroulait 100 jours avant la libération des appelés Père Cent
2%
Sport et Musique Auteur de la chanson "100 ans" Renaud
2%
Langue et expressions Une blague qui ne vaut pas grand chose Une blague à cent balles
2%
Géographie 100ème pays du monde selon l'ordre alphabétique de la liste Jetpunk Liberia
1%
Aucun quiz correspondant
Distribution des résultats
% des personnes avec chaque résultat
Percentile par nombre de réponses
Votre historique - résultats
Vous n’avez pas pris ce quiz